000 00207 a2200097 4500
001 2961
100 _aWood, E
245 _aExercise your spelling
260 _a
_bHodder & stoughton
_c
090 _c2252
_d2252
942 _aNUST-CAE
_cM
_c13914
999 _c238034
_d238034